[Event "Chhattisgarh Trophy"]
[Site "Raipur"]
[Date "2002.??.??"]
[Round "4"]
[White "Mishra, Neeraj Kumar"]
[Black "Ravi, Kumar"]
[Result "1-0"]
[WhiteElo "2321"]
[BlackElo "2280"]
[PlyCount "70"]
[EventDate "2002.03.02"]
[EventType "swiss"]
[EventRounds "11"]
[EventCountry "IND"]
[SourceTitle "CBM 087 Extra"]
[Source "ChessBase"]
[SourceDate "2002.05.03"]
[SourceVersion "2"]
[SourceVersionDate "2002.08.09"]
[SourceQuality "1"]

1. Nf3 d5 2. d4 c6 3. c4 Nf6 4. Nc3 a6 5. Bf4 dxc4 6. a4 Nd5 7. Bxb8 Rxb8 8. Ne5 e6 9. e4 Nf6 10. Bxc4 Bb4 11. Qd3 0-0 12. 0-0 Nd7 13. Nxd7 Bxd7 14. e5 b5 15. Bb3 bxa4 16. Bc2 Qh4 17. g3 Qh5 18. Bxa4 Rfd8 19. Qxa6 c5 20. Bxd7 Rxd7 21. dxc5 Qxe5 22. c6 Rc7 23. Rac1 h5 24. Na4 h4 25. Rfd1 hxg3 26. hxg3 g6 27. Rd7 Kg7 28. Rxc7 Qxc7 29. Qc4 Bd6 30. Kg2 Rb4 31. Qc3+ e5 32. b3 Rd4 33. Qf3 Ba3 34. Rc4 Rxc4 35. bxc4 Be7 1-0

[Event "Chhattisgarh Trophy"]
[Site "Raipur"]
[Date "2002.??.??"]
[Round "11"]
[White "Ravi, Kumar"]
[Black "Ravi, Thandalam Shanmugam"]
[Result "0-1"]
[WhiteElo "2280"]
[BlackElo "2357"]
[PlyCount "58"]
[EventDate "2002.03.02"]
[EventType "swiss"]
[EventRounds "11"]
[EventCountry "IND"]
[SourceTitle "CBM 087 Extra"]
[Source "ChessBase"]
[SourceDate "2002.05.03"]
[SourceVersion "2"]
[SourceVersionDate "2002.08.09"]
[SourceQuality "1"]

1. Nf3 Nf6 2. g3 d5 3. Bg2 c6 4. 0-0 Bf5 5. d3 h6 6. Nfd2 e6 7. e4 Bh7 8. Nc3 Be7 9. f4 0-0 10. Kh1 a5 11. Qe2 a4 12. g4 a3 13. b3 Na6 14. e5 Nd7 15. f5 exf5 16. gxf5 Nxe5 17. Qxe5 Bf6 18. Qg3 Bxc3 19. Rb1 Qf6 20. Nf3 Nc5 21. Bf4 Rfe8 22. b4 Nd7 23. d4 Re2 24. Ne5 Nxe5 25. Qxc3 Nc4 26. Bf3 Re7 27. Bg4 Bxf5 28. Bg3 Be4+ 29. Kg1 Qg6 0-1